000 00753nam a22001817a 4500
003 NUST-PNEC
005 20170116180716.0
008 141018b xxu||||| |||| 00| 0 eng d
020 _a8182741637
040 _cPNEC
082 _a510.3 CHR
100 _9689
_aChristopher Mont
245 _aEncyclopaedic dictionary of mathematics
_cMont Christopher
260 _aNew Delhi :
_bPentagon press,
_cc.2004.
300 _a200 p. :
_b jaquette ill. en coul. ;
_c23 cm.
500 _ahttps://www.worldcat.org/title/encyclopaedic-dictionary-of-mathematics/oclc/494055419&referer=brief_results http://www.amazon.com/Encyclopaedic-Dictionaries-Mathematics/dp/8182741637/ref=sr_1_1?s=books&ie=UTF8&qid=1413628915&sr=1-1&keywords=8182741637
942 _2ddc
_cBK
999 _c61156
_d61156